Pays qui commencent par la lettre P - Statistiques

Statistiques générales
  • Ce quiz a été pris 1 481 fois
  • Le résultat moyen est 8 sur 10
Statistiques - réponses
Continent Pays % Correct
Europe Portugal
94%
Europe Pologne
92%
Amérique Pérou
88%
Asie Pakistan
83%
Amérique Panama
82%
Amérique Paraguay
82%
Asie Philippines
73%
Océanie Papouasie-Nouvelle-Guinée
72%
Europe Pays-Bas
70%
Océanie Palaos
65%
Aucun quiz correspondant
Distribution des résultats
% des personnes avec chaque résultat
Percentile par nombre de réponses
Votre historique - résultats
Vous n’avez pas pris ce quiz